Statistics for Name The Empire Part 2

Click here to take the quiz!

General Stats

  • This quiz has been taken 39 times
  • The average score is 6 of 8

Answer Stats

Answer% Correct
British Empire
97%
Mongol Empire
93%
Nazi Germany
93%
Aztec Empire
90%
Portuguese Empire
90%
Qing Dynasty
66%
Umayyad Caliphate
48%
Hunnic Empire
38%

Score Distribution

Percentile by Number Answered

Percent of People with Each Score

Your Score History

You have not taken this quiz